Miesiące w kolejności alfabetycznej - Statystyki

Ogólne statystyki
  • Ten quiz został rozwiązany 315 razy
  • Średni wynik to 6 z 12
Statystyki odpowiedzi
Miesiąc % Poprawnych
czerwiec
96%
grudzień
86%
kwiecień
72%
lipiec
63%
listopad
53%
luty
49%
maj
44%
marzec
41%
październik
26%
sierpień
19%
styczeń
19%
wrzesień
18%
Nie znaleziono quizów pasujących do podanych kryteriów
Rozkład punktacji
Procent ludzi z każdym wynikiem
Percentyl według liczby udzielonych odpowiedzi
Twoja historia wyników
Nie rozwiązałeś tego quizu